[Event "DEM U10/U10w 2013"]
[Site "Oberhof GER"]
[Date "2013.05.23"]
[Round "8"]
[White "Tong, Kevin"]
[Black "Keymer, Vincent"]
[Result "1-0"]
[Termination "normal"]
[Board "1"]
[WhiteElo "1637"]
[BlackElo "1861"]
[PlyCount "97"]
[WhiteFideId "12913944"]
[BlackFideId "12940690"]
[EventCountry "GER"]
[EventRounds "11"]
[EventType "swiss"]
[EventDate "2013.05.18"]

1. d4 d5 2. Nc3 Nf6 3. Bg5 e6 4. e4 c6 5. e5 h6 6. Bh4 g5 7. Bg3 Nfd7 8. h4 c5
9. hxg5 cxd4 10. Qxd4 Nc6 11. Qd2 Ndxe5 12. O-O-O Bg7 13. gxh6 Bf6 14. f4 Ng6
15. Nf3 Nge7 16. Bd3 Nb4 17. Kb1 Bd7 18. a3 Nxd3 19. Qxd3 Rc8 20. Ne2 Nf5 21.
Bf2 Nd6 22. Ned4 Ba4 23. Bh4 Bxh4 24. Rxh4 Ne4 25. Qe3 Qb6 26. Ka1 Qd6 27. Ng5
Qe7 28. Nxe4 Qxh4 29. Nd6+ Kd7 30. Nxc8 Rxc8 31. f5 Qf6 32. fxe6+ fxe6 33. Re1
Re8 34. Nf3 Bc6 35. Ne5+ Kc7 36. Qxa7 Qxh6 37. Nxc6 Qh4 38. Re3 Kxc6 39. Rc3+
Kd6 40. Qxb7 Qd8 41. Rc6+ Ke5 42. Qg7+ Kf5 43. Qf7+ Ke5 44. g3 Rf8 45. Qxe6+
Kd4 46. Qg4+ Ke3 47. Re6+ Kf2 48. Re2+ Kg1 49. Qd4+ 1-0

[Event "DEM U10/U10w 2013"]
[Site "Oberhof GER"]
[Date "2013.05.23"]
[Round "8"]
[White "Wu, Luka"]
[Black "Collin, Alexander"]
[Result "1-0"]
[Termination "normal"]
[Board "2"]
[WhiteElo "1217"]
[BlackElo "1451"]
[PlyCount "175"]
[WhiteFideId "12977420"]
[BlackFideId "12946745"]
[EventCountry "GER"]
[EventRounds "11"]
[EventType "swiss"]
[EventDate "2013.05.18"]

1. e4 e6 2. d4 d5 3. exd5 exd5 4. Bd3 Be7 5. Nf3 Nf6 6. O-O O-O 7. Bf4 Bg4 8.
Nbd2 Nc6 9. c3 Qd7 10. Qc2 Rac8 11. h3 Bh5 12. Bf5 Qd8 13. Bxc8 Qxc8 14. Be5
Bg6 15. Qd1 Nd7 16. Re1 Bh5 17. Qb3 f6 18. Bg3 Nb6 19. Re3 Be8 20. Qc2 Bg6 21.
Qd1 Re8 22. Nh4 Bf7 23. Qf3 Be6 24. Rae1 Bf8 25. Bh2 Na5 26. b3 Nc6 27. Nf5 Qd7
28. Qe2 Nd8 29. Qf3 Nc6 30. Qf4 Bd6 31. Nxd6 cxd6 32. Qxd6 Kf7 33. Qxd7+ Bxd7
34. Rxe8 Bxe8 35. Kf1 Bd7 36. Ke2 Bf5 37. g4 Bg6 38. f4 f5 39. Kf3 fxg4+ 40.
hxg4 Kf6 41. Bg3 h5 42. Bh4+ Kf7 43. f5 hxg4+ 44. Kxg4 Bh7 45. Nf3 Bg8 46. Ne5+
Nxe5+ 47. dxe5 Bh7 48. e6+ Ke8 49. e7 Nc8 50. f6 gxf6 51. Bxf6 Nd6 52. Rh1 Ne4
53. Bh4 Bg6 54. Rf1 Bf7 55. Rc1 Nd6 56. Kf4 Nc8 57. Re1 Nb6 58. Rh1 Nc8 59. Bg5
Kd7 60. Rh7 Be8 61. Ke5 Nb6 62. Be3 Nc8 63. Kxd5 Nd6 64. Bc5 Nf7 65. Rg7 b6 66.
Ba3 Nh6 67. Ke5 Nf7+ 68. Kf6 Nd6 69. Bxd6 Kxd6 70. Rg4 Kc7 71. Rd4 Bd7 72.
Rxd7+ Kxd7 73. Kf7 b5 74. e8=Q+ Kc7 75. Ke7 b4 76. Qd7+ Kb6 77. Kd6 bxc3 78.
Qc6+ Ka5 79. Qb7 c2 80. a4 a6 81. Qc7+ Kb4 82. Qxc2 Ka3 83. Kc5 a5 84. Qc3 Ka2
85. b4 axb4 86. Qxb4 Ka1 87. Kc4 Ka2 88. Kc3 1-0

[Event "DEM U10/U10w 2013"]
[Site "Oberhof GER"]
[Date "2013.05.23"]
[Round "8"]
[White "Svane, Frederik"]
[Black "Graf, Justus Felix"]
[Result "0-1"]
[Termination "normal"]
[Board "3"]
[WhiteElo "1715"]
[BlackElo "1489"]
[PlyCount "150"]
[WhiteFideId "12923044"]
[BlackFideId "12929212"]
[EventCountry "GER"]
[EventRounds "11"]
[EventType "swiss"]
[EventDate "2013.05.18"]

1. e4 e5 2. Nf3 Nc6 3. Bb5 a6 4. Ba4 Nf6 5. d3 d6 6. c3 g6 7. O-O Bg7 8. Re1
O-O 9. Nbd2 b5 10. Bc2 Nb8 11. Nf1 Bb7 12. Ng3 c5 13. d4 cxd4 14. cxd4 exd4 15.
Nxd4 Re8 16. Bf4 Qb6 17. Nb3 Rd8 18. Be3 Qc7 19. Rc1 Nc6 20. Nd4 Nxd4 21. Bxd4
Re8 22. Bb1 Qd7 23. Qd2 Re7 24. f3 Rae8 25. Kf1 h5 26. h4 Qd8 27. Re2 Rd7 28.
Qd1 Bh6 29. Be3 Bxe3 30. Rxe3 Nh7 31. Kf2 Qxh4 32. Qb3 Qe7 33. Rh1 Nf6 34. e5
dxe5 35. Qc2 Qb4 36. Re2 Qd4+ 37. Ke1 Qf4 38. Nf1 Red8 39. a3 Rc8 40. Qb3 Rc1+
41. Kf2 Rdd1 42. g3 Qxf3+ 43. Qxf3 Bxf3 44. Kxf3 Rxf1+ 45. Rxf1 Rxf1+ 46. Kg2
Rxb1 47. Rxe5 Rxb2+ 48. Kf1 Rb1+ 49. Kg2 Ng4 50. Re8+ Kg7 51. Ra8 Rb2+ 52. Kf1
Rf2+ 53. Ke1 Rf3 54. Rxa6 Rxg3 55. Ra5 h4 56. Rxb5 Rxa3 57. Ke2 h3 58. Rb1 h2
59. Rh1 Rg3 60. Kf1 f5 61. Ke2 Rg1 62. Rxh2 Nxh2 63. Kf2 Ra1 64. Kg3 Nf1+ 65.
Kf2 g5 66. Ke2 g4 67. Kf2 g3+ 68. Kg2 f4 69. Kf3 Ra2 70. Kxf4 g2 71. Ke5 g1=Q
72. Kd5 Ra4 73. Kc6 Ra6+ 74. Kb7 Re6 75. Kc7 Re8 0-1

[Event "DEM U10/U10w 2013"]
[Site "Oberhof GER"]
[Date "2013.05.23"]
[Round "8"]
[White "Suvorov, Luca"]
[Black "Tschammer, Kai"]
[Result "1-0"]
[Termination "normal"]
[Board "4"]
[WhiteElo "1551"]
[BlackElo "1605"]
[PlyCount "51"]
[WhiteFideId "12977071"]
[BlackFideId "12939099"]
[EventCountry "GER"]
[EventRounds "11"]
[EventType "swiss"]
[EventDate "2013.05.18"]

1. e4 e5 2. Nc3 Nf6 3. f4 exf4 4. e5 Qe7 5. Qe2 f3 6. Nxf3 Ng4 7. d4 c6 8. Ne4
h6 9. Nd6+ Kd8 10. h3 Nxe5 11. Nxe5 Qh4+ 12. Qf2 Qxf2+ 13. Kxf2 Rg8 14. Nxc8
Kxc8 15. Nxf7 d6 16. Bc4 d5 17. Bd3 Be7 18. Ne5 c5 19. c3 g5 20. Re1 h5 21. Kg1
g4 22. hxg4 hxg4 23. Bf5+ Kc7 24. Bxg4 Bd6 25. Be6 Nc6 26. Bxg8 1-0

[Event "DEM U10/U10w 2013"]
[Site "Oberhof GER"]
[Date "2013.05.23"]
[Round "8"]
[White "Lieberwirth, Kasimir"]
[Black "Kopylov, Daniel"]
[Result "0-1"]
[Termination "normal"]
[Board "5"]
[WhiteElo "1433"]
[BlackElo "1628"]
[PlyCount "120"]
[WhiteFideId "12988146"]
[BlackFideId "12921971"]
[EventCountry "GER"]
[EventRounds "11"]
[EventType "swiss"]
[EventDate "2013.05.18"]

1. e4 e6 2. d4 d5 3. Nc3 dxe4 4. Nxe4 Nd7 5. Nf3 Ngf6 6. Bg5 h6 7. Nxf6+ Nxf6
8. Bd2 c5 9. dxc5 Bxc5 10. Bb5+ Bd7 11. Bxd7+ Qxd7 12. O-O O-O 13. Qe2 Rac8 14.
Rad1 Qa4 15. Qe5 Ne8 16. Bc3 b6 17. Rd2 b5 18. b3 Qg4 19. h3 Qg6 20. Nh4 Qf6
21. Qxf6 Nxf6 22. Bxf6 gxf6 23. Rfd1 Bb6 24. Rc1 b4 25. Rd3 Ba5 26. Rf3 f5 27.
Rg3+ Kh7 28. Rd3 Rc7 29. Kf1 Rfc8 30. Rd2 Kg7 31. Ke2 Rc6 32. Kd1 Bd8 33. Nf3
Bf6 34. Nd4 Ra6 35. f4 Rxa2 36. Nf3 Bd8 37. Ne5 Bc7 38. Rd7 Bxe5 39. fxe5 Rc5
40. Rd4 a5 41. Kd2 Rxe5 42. Rd1 Kf6 43. Rd7 Rd5+ 44. Rxd5 exd5 45. Rf1 Kg5 46.
g3 a4 47. bxa4 Rxa4 48. Rf3 Ra3 49. Rb3 Rxb3 50. cxb3 f4 51. g4 f5 52. gxf5
Kxf5 53. Kd3 Ke5 54. h4 h5 55. Kd2 Ke4 56. Ke2 f3+ 57. Kf2 Kf4 58. Kf1 Ke3 59.
Ke1 f2+ 60. Kf1 d4 0-1

[Event "DEM U10/U10w 2013"]
[Site "Oberhof GER"]
[Date "2013.05.23"]
[Round "8"]
[White "Heckmann, Till"]
[Black "Bartelt, Max Peter"]
[Result "1/2-1/2"]
[Termination "normal"]
[Board "6"]
[WhiteElo "1517"]
[BlackElo "1356"]
[PlyCount "151"]
[WhiteFideId "12987093"]
[BlackFideId "12967289"]
[EventCountry "GER"]
[EventRounds "11"]
[EventType "swiss"]
[EventDate "2013.05.18"]

1. e4 e6 2. d3 d5 3. Nd2 c5 4. g3 Bd6 5. Bg2 Ne7 6. Ngf3 Nbc6 7. O-O O-O 8. Re1
Ne5 9. Nf1 Nxf3+ 10. Qxf3 dxe4 11. Rxe4 f5 12. Rh4 Ng6 13. Rh3 Rf7 14. Qh5 Nf8
15. Bg5 Be7 16. Bxe7 Qxe7 17. Re1 Qf6 18. c3 h6 19. f4 Rb8 20. Ne3 b5 21. Qd1
Bb7 22. Bxb7 Rbxb7 23. Qc2 Nd7 24. c4 a6 25. Kh1 Nb6 26. b3 g5 27. cxb5 axb5
28. Qxc5 g4 29. Rh4 Nd7 30. Qc8+ Nf8 31. Qc2 Rfc7 32. Qd2 Rd7 33. h3 gxh3 34.
Rxh3 Qd8 35. Rxh6 Rxd3 36. Qh2 Rh7 37. Rxh7 Nxh7 38. Qe2 Qd4 39. Nf1 Qd5+ 40.
Qg2 Qd7 41. Re2 Nf6 42. Rd2 Ne4 43. Rxd3 Qxd3 44. Kh2 Qd1 45. Ne3 Qe1 46. Nf1
Qd1 47. Kg1 Qd4+ 48. Kh2 Qd1 49. g4 Qxg4 50. Qxg4+ fxg4 51. Ne3 Nc5 52. Nxg4 b4
53. Ne3 Nd3 54. Nc2 Nxf4 55. Nxb4 Kf7 56. Kg3 Ne2+ 57. Kf3 Nd4+ 58. Ke4 Nb5 59.
a4 Nd6+ 60. Ke5 Ke7 61. a5 Kd7 62. Nd3 Kc6 63. Kxe6 Nb5 64. b4 Na7 65. Ke7 Kc7
66. Ke6 Kc6 67. Ke5 Nb5 68. Nc5 Na7 69. Kd4 Kb5 70. Kc3 Nc6 71. a6 Na7 72. Kd4
Nc6+ 73. Kd5 Nxb4+ 74. Kd6 Nxa6 75. Nxa6 Kxa6 76. Kd5 1/2-1/2

[Event "DEM U10/U10w 2013"]
[Site "Oberhof GER"]
[Date "2013.05.23"]
[Round "8"]
[White "Helmer, Jan"]
[Black "Wagner, Benjamin"]
[Result "1-0"]
[Termination "normal"]
[Board "7"]
[WhiteElo "1570"]
[BlackElo "1468"]
[PlyCount "43"]
[WhiteFideId "12956686"]
[BlackFideId "12957330"]
[EventCountry "GER"]
[EventRounds "11"]
[EventType "swiss"]
[EventDate "2013.05.18"]

1. d4 Nf6 2. Bg5 g6 3. Bxf6 exf6 4. e4 Bg7 5. Nf3 O-O 6. Nbd2 d6 7. Bd3 Re8 8.
O-O Nc6 9. c3 Ne7 10. Re1 f5 11. e5 dxe5 12. Nxe5 f6 13. Qb3+ Qd5 14. Bc4 Be6
15. Bxd5 Bxd5 16. c4 fxe5 17. cxd5 Kh8 18. dxe5 Rad8 19. d6 cxd6 20. exd6 Rxd6
21. Qf7 Red8 22. Rxe7 1-0

[Event "DEM U10/U10w 2013"]
[Site "Oberhof GER"]
[Date "2013.05.23"]
[Round "8"]
[White "Nguyen, Alex Dac-Vuong"]
[Black "Yankelevich, Michael"]
[Result "0-1"]
[Termination "normal"]
[Board "8"]
[WhiteElo "1401"]
[BlackElo "1644"]
[PlyCount "148"]
[WhiteFideId "12984388"]
[BlackFideId "12921440"]
[EventCountry "GER"]
[EventRounds "11"]
[EventType "swiss"]
[EventDate "2013.05.18"]

1. d4 d5 2. c4 c6 3. Nc3 e6 4. Nf3 Nf6 5. Bg5 Nbd7 6. e3 Be7 7. Qc2 a6 8. e4
dxe4 9. Nxe4 Nxe4 10. Bxe7 Qxe7 11. Qxe4 Qb4+ 12. Nd2 Qxb2 13. Rb1 Qc3 14. Qd3
Qxd3 15. Bxd3 b5 16. cxb5 axb5 17. Rb2 Nf6 18. O-O O-O 19. Rc1 Bd7 20. Ne4 Nxe4
21. Bxe4 Rfc8 22. Rbc2 Ra6 23. d5 exd5 24. Bxd5 g6 25. Bf3 f5 26. Be2 Rb6 27.
h3 Be6 28. Bf3 Bc4 29. g4 Ra8 30. gxf5 gxf5 31. h4 Kf7 32. Bh5+ Kf6 33. f4 Bd5
34. Kf2 Rxa2 35. Rxa2 Bxa2 36. Bf3 Bd5 37. Bxd5 cxd5 38. Rd1 Ke6 39. Ke3 b4 40.
Rb1 b3 41. Rb2 Kd6 42. h5 Kc5 43. Kd2 Kc4 44. Kd1 Kc3 45. Kc1 d4 46. Rg2 d3 47.
Rg8 b2+ 48. Kb1 Kd4 49. Rg7 d2 50. Rd7+ Ke3 51. Re7+ Kxf4 52. Rd7 Kg5 53. Rg7+
Kh6 54. Rd7 f4 55. Rxd2 Kxh5 56. Rf2 Kg4 57. Rh2 h5 58. Rc2 h4 59. Rc8 h3 60.
Rg8+ Kf3 61. Rh8 Kg2 62. Rg8+ Kf2 63. Rh8 Rb3 64. Rh7 Kg2 65. Rg7+ Rg3 66. Rf7
f3 67. Kxb2 h2 68. Kc3 h1=Q 69. Kd4 Rg4+ 70. Ke3 Qe1+ 71. Kd3 Qe2+ 72. Kc3 Rc4+
73. Kb3 Qc2+ 74. Ka3 Ra4# 0-1

[Event "DEM U10/U10w 2013"]
[Site "Oberhof GER"]
[Date "2013.05.23"]
[Round "8"]
[White "Huber, Benedikt"]
[Black "Gheng, Dominik"]
[Result "0-1"]
[Termination "normal"]
[Board "10"]
[WhiteElo "1689"]
[BlackElo "1635"]
[PlyCount "58"]
[WhiteFideId "12923583"]
[BlackFideId "12906778"]
[EventCountry "GER"]
[EventRounds "11"]
[EventType "swiss"]
[EventDate "2013.05.18"]

1. d4 Nf6 2. c4 e6 3. Nf3 Bb4+ 4. Nbd2 d5 5. a3 Be7 6. e3 O-O 7. Bd3 c5 8. dxc5
Bxc5 9. b4 dxc4 10. Nxc4 Be7 11. Bb2 Nc6 12. Qc2 h6 13. Rd1 Bd7 14. O-O Rc8 15.
Qd2 Nb8 16. Rc1 Bb5 17. Qe2 Qd5 18. e4 Nxe4 19. Rfd1 Ba4 20. Re1 Nf6 21. Nce5
Rxc1 22. Rxc1 Nc6 23. Bc4 Qe4 24. Qd2 Rd8 25. Qc3 Nxe5 26. Nxe5 Rc8 27. Nxf7 b5
28. Bxe6 Rxc3 29. Nd6+ Qxe6 0-1

[Event "DEM U10/U10w 2013"]
[Site "Oberhof GER"]
[Date "2013.05.23"]
[Round "8"]
[White "Weishäutel, Moritz"]
[Black "Gelfenbaum, Daniel"]
[Result "0-1"]
[Termination "normal"]
[Board "12"]
[WhiteElo "1431"]
[BlackElo "1055"]
[PlyCount "90"]
[WhiteFideId "12967300"]
[BlackFideId "12965634"]
[EventCountry "GER"]
[EventRounds "11"]
[EventType "swiss"]
[EventDate "2013.05.18"]

1. e4 c6 2. Ne2 d5 3. e5 Bf5 4. Ng3 Bg6 5. h4 h6 6. h5 Bh7 7. e6 Nf6 8. exf7+
Kxf7 9. d4 e6 10. Bd3 Bxd3 11. Qxd3 Bd6 12. Qg6+ Kf8 13. O-O Qe8 14. Re1 Qxg6
15. hxg6 Bxg3 16. fxg3 Ne4 17. Rf1+ Nf6 18. Nc3 Nbd7 19. b3 Ke8 20. Ba3 Kd8 21.
Rae1 Re8 22. Bd6 b6 23. Re2 c5 24. dxc5 Nxc5 25. b4 Nce4 26. Nxe4 Nxe4 27. Rxe4
dxe4 28. Rf7 Rg8 29. Bf8 Rc8 30. Bxg7 Rc7 31. Rf8+ Rxf8 32. Bxf8 Ke8 33. g7 Kf7
34. Kf2 Rxc2+ 35. Ke3 Rxa2 36. Kxe4 Rxg2 37. Kf4 a5 38. bxa5 bxa5 39. Kg4 a4
40. Kf3 Ra2 41. Ke3 a3 42. Kd3 Rd2+ 43. Kxd2 a2 44. Kc2 a1=Q 45. Bb4 Qa4+ 0-1

[Event "DEM U10/U10w 2013"]
[Site "Oberhof GER"]
[Date "2013.05.23"]
[Round "8"]
[White "Berelowitsch, Dana"]
[Black "Merk, Daniel"]
[Result "1/2-1/2"]
[Termination "normal"]
[Board "13"]
[WhiteElo "981"]
[BlackElo "1655"]
[PlyCount "60"]
[WhiteFideId "12977144"]
[BlackFideId "12938386"]
[EventCountry "GER"]
[EventRounds "11"]
[EventType "swiss"]
[EventDate "2013.05.18"]

1. e4 c6 2. d4 d5 3. exd5 cxd5 4. c4 Nf6 5. Nc3 e6 6. Bg5 Bb4 7. Nf3 Nc6 8. Be2
h6 9. Bxf6 Qxf6 10. O-O O-O 11. Qd3 Rd8 12. c5 e5 13. dxe5 Nxe5 14. Nxe5 Qxe5
15. Rad1 Bf5 16. Qf3 Bxc5 17. Rxd5 Rxd5 18. Qxd5 Qxd5 19. Nxd5 Rd8 20. Rd1 Be6
21. Bf3 b6 22. b3 Kh7 23. h3 Bxd5 24. Rxd5 Rxd5 25. Bxd5 Kg6 26. Kf1 f5 27. Ke2
Kf6 28. f4 g5 29. g3 a5 30. Bc6 Bb4 1/2-1/2

[Event "DEM U10/U10w 2013"]
[Site "Oberhof GER"]
[Date "2013.05.23"]
[Round "8"]
[White "Dobrikov, Marco"]
[Black "Hommel, Niclas"]
[Result "1-0"]
[Termination "normal"]
[Board "14"]
[WhiteElo "1528"]
[BlackElo "1197"]
[PlyCount "85"]
[WhiteFideId "12950378"]
[BlackFideId "12974927"]
[EventCountry "GER"]
[EventRounds "11"]
[EventType "swiss"]
[EventDate "2013.05.18"]

1. e4 e5 2. Nf3 Nc6 3. Bb5 a6 4. Ba4 Nf6 5. d3 d6 6. h3 Be7 7. c3 b5 8. Bc2 Na5
9. O-O c5 10. Nbd2 O-O 11. Re1 Nb7 12. Nf1 Be6 13. Ng3 Qc7 14. Bd2 Rac8 15. Rc1
Rfd8 16. b3 h6 17. Bb1 Qb8 18. Qe2 Bf8 19. d4 Qc7 20. Nh2 Kh8 21. d5 Bd7 22.
Qf3 Rb8 23. Bxh6 gxh6 24. Qxf6+ Kg8 25. Nf5 Bxf5 26. Qxf5 Bg7 27. Ng4 Qe7 28.
Re3 Rf8 29. Rg3 Kh8 30. Re1 Rbc8 31. Ree3 b4 32. c4 a5 33. Ref3 Rc7 34. Nf6
Bxf6 35. Qxf6+ Qxf6 36. Rxf6 Kh7 37. Rgg6 fxg6 38. Rxf8 Kg7 39. Ra8 Kf6 40. Bc2
Kg7 41. Bd1 h5 42. g4 hxg4 43. Bxg4 1-0

[Event "DEM U10/U10w 2013"]
[Site "Oberhof GER"]
[Date "2013.05.23"]
[Round "8"]
[White "Suvorov, Alexander"]
[Black "Post, Hugo"]
[Result "1-0"]
[Termination "normal"]
[Board "15"]
[WhiteElo "1397"]
[BlackElo "1341"]
[PlyCount "117"]
[WhiteFideId "12977063"]
[BlackFideId "12962490"]
[EventCountry "GER"]
[EventRounds "11"]
[EventType "swiss"]
[EventDate "2013.05.18"]

1. e4 c5 2. Nf3 Nc6 3. c3 g6 4. Be2 Bg7 5. O-O d6 6. d3 Nf6 7. Be3 O-O 8. h3 a6
9. a4 Rb8 10. Nbd2 Bd7 11. Qc2 Qc7 12. Rfe1 Rfc8 13. Rad1 b5 14. axb5 axb5 15.
Nf1 b4 16. Ng3 bxc3 17. bxc3 Be6 18. Rb1 Ra8 19. Rb2 Ra3 20. d4 Nd8 21. d5 Bd7
22. Bd2 Rca8 23. Reb1 c4 24. Nd4 R3a5 25. f3 Ba4 26. Qc1 e5 27. Nc2 Bb3 28. Nb4
Ne8 29. Bd1 Bxd1 30. Qxd1 Qc5+ 31. Kf1 Bf6 32. Be1 Ra3 33. Bf2 Qc7 34. Qd2 Ng7
35. Ra2 Rxa2 36. Nxa2 Qa5 37. Nb4 Qa3 38. Nc2 Qa6 39. Ra1 Qb7 40. Rxa8 Qxa8 41.
Qe2 Qc8 42. Ne3 Qb7 43. Nxc4 Qb1+ 44. Be1 Bh4 45. Nh1 Bxe1 46. Qxe1 Qd3+ 47.
Qe2 Qxc3 48. Nf2 Qc1+ 49. Nd1 Ne8 50. Ke1 Qa1 51. Qb2 Qxb2 52. Ndxb2 Kg7 53.
Na4 Kf6 54. Nab6 Kg5 55. Nd7 Kf4 56. Kf2 f5 57. h4 fxe4 58. g3+ Kf5 59. Ne3#
1-0

[Event "DEM U10/U10w 2013"]
[Site "Oberhof GER"]
[Date "2013.05.23"]
[Round "8"]
[White "Zimmer, Raphael"]
[Black "Kukulina, Sonja"]
[Result "1-0"]
[Termination "normal"]
[Board "17"]
[WhiteElo "1369"]
[BlackElo "1184"]
[PlyCount "59"]
[WhiteFideId "12978841"]
[BlackFideId "12977047"]
[EventCountry "GER"]
[EventRounds "11"]
[EventType "swiss"]
[EventDate "2013.05.18"]

1. e4 e5 2. Nf3 Nc6 3. d4 exd4 4. Bc4 Bc5 5. c3 Nf6 6. cxd4 Nxd4 7. Nxd4 Nxe4
8. Nb3 Nxf2 9. Nxc5 Nxd1 10. Kxd1 O-O 11. Nc3 d6 12. Nd3 Qh4 13. Bb3 Qg4+ 14.
Kc2 Qxg2+ 15. Bd2 Bf5 16. Bd5 Bxd3+ 17. Kxd3 Qh3+ 18. Kc2 c6 19. Be4 d5 20. Bd3
d4 21. Ne4 Rac8 22. Ng5 Qd7 23. Nxh7 Rfe8 24. Rhg1 Kh8 25. Raf1 Qe7 26. Bg5
Qc5+ 27. Kb1 f6 28. Nxf6 Rf8 29. Rf4 Qd6 30. Rh4# 1-0

[Event "DEM U10/U10w 2013"]
[Site "Oberhof GER"]
[Date "2013.05.23"]
[Round "8"]
[White "Wu, Leon"]
[Black "Hommer, Jeremy"]
[Result "1-0"]
[Termination "normal"]
[Board "18"]
[WhiteElo "1345"]
[BlackElo "994"]
[PlyCount "137"]
[WhiteFideId "12977438"]
[BlackFideId "12992577"]
[EventCountry "GER"]
[EventRounds "11"]
[EventType "swiss"]
[EventDate "2013.05.18"]

1. e4 g6 2. d4 Bg7 3. Nf3 c6 4. Nc3 d5 5. exd5 cxd5 6. Bf4 Nc6 7. Bd3 Bg4 8. h3
Bxf3 9. Qxf3 e6 10. Nb5 Nxd4 11. Qe3 Qa5+ 12. Qd2 Qxd2+ 13. Bxd2 Nxb5 14. Bxb5+
Kd8 15. c3 a6 16. Bd3 Rc8 17. O-O Ne7 18. Rac1 Kd7 19. b3 Rc7 20. Rc2 Rhc8 21.
Rfc1 e5 22. c4 d4 23. f3 f5 24. c5 Rc6 25. b4 b5 26. cxb6 Rxb6 27. Rxc8 Nxc8
28. g4 Nd6 29. Rc5 Nb7 30. Rd5+ Kc6 31. Bc4 e4 32. gxf5 gxf5 33. Rxf5 e3 34.
Be1 Nd6 35. Rc5+ Kd7 36. Bd3 h6 37. Ra5 Kc6 38. Bxa6 Nb5 39. a4 Na3 40. Rc5+
Kd7 41. Bd3 Kd6 42. Bg3+ Ke6 43. Bf5+ Kf6 44. Bh4+ Kf7 45. Rc7+ Kg8 46. Be1 Rd6
47. Bd3 Rf6 48. Kg2 Rd6 49. Rc1 Rd7 50. Ra1 Rc7 51. Rxa3 Rc1 52. Kf1 Bf8 53.
Rb3 Ra1 54. a5 Kf7 55. b5 Ke6 56. b6 Bd6 57. Rb1 Ra4 58. a6 Kd7 59. b7 Bb8 60.
Rb4 Rxb4 61. Bxb4 Kc6 62. Bf8 h5 63. Ke2 Kd7 64. Be4 Ke6 65. Bc5 Kd7 66. a7 Bc7
67. a8=Q Ke6 68. Qe8+ Kf6 69. Qe7# 1-0

[Event "DEM U10/U10w 2013"]
[Site "Oberhof GER"]
[Date "2013.05.23"]
[Round "8"]
[White "Glinzner, Alva"]
[Black "Henning, Marvin"]
[Result "0-1"]
[Termination "normal"]
[Board "19"]
[WhiteElo "974"]
[BlackElo "1342"]
[PlyCount "74"]
[WhiteFideId "16206169"]
[BlackFideId "12957399"]
[EventCountry "GER"]
[EventRounds "11"]
[EventType "swiss"]
[EventDate "2013.05.18"]

1. e4 c5 2. Nf3 Nc6 3. Nc3 g6 4. d4 cxd4 5. Nxd4 Bg7 6. Be3 Nf6 7. Be2 O-O 8.
O-O h6 9. Nxc6 bxc6 10. f4 Qc7 11. f5 Bb7 12. fxg6 fxg6 13. Bc4+ Kh8 14. Rf3 c5
15. Rh3 Nxe4 16. Nxe4 Bxe4 17. Qg4 d5 18. Bd3 Bxd3 19. cxd3 Qe5 20. Qh4 h5 21.
Rb1 Bf6 22. Bf4 Qd4+ 23. Qf2 Qxf2+ 24. Kxf2 Bg5 25. g3 e5 26. Kg2 exf4 27. gxf4
Rxf4 28. Kg3 Re8 29. Rc1 Rg4+ 30. Kf3 Re3+ 31. Kf2 Rxh3 32. Rxc5 Be3+ 33. Ke2
Rg2+ 34. Kf1 Rhxh2 35. Rc8+ Kg7 36. Rc7+ Kh6 37. Re7 Rg1# 0-1

[Event "DEM U10/U10w 2013"]
[Site "Oberhof GER"]
[Date "2013.05.23"]
[Round "8"]
[White "Bierfreund, Trine Maja"]
[Black "Buchloh, Adrian"]
[Result "0-1"]
[Termination "normal"]
[Board "20"]
[WhiteElo "1341"]
[BlackElo "1141"]
[PlyCount "142"]
[WhiteFideId "12957372"]
[BlackFideId "12960675"]
[EventCountry "GER"]
[EventRounds "11"]
[EventType "swiss"]
[EventDate "2013.05.18"]

1. e4 Nf6 2. e5 Nd5 3. c4 Nb6 4. d4 d6 5. Nf3 g6 6. Bd3 Bg7 7. O-O O-O 8. Bf4
dxe5 9. Nxe5 Qxd4 10. Qe2 Qxf4 11. Re1 Be6 12. Nd2 Bxe5 13. g3 Qh6 14. Qxe5
Qxd2 15. Rad1 Qh6 16. c5 Nd5 17. Bc4 Nc6 18. Qe4 Nf6 19. Qc2 Bf5 20. Qe2 Qh5
21. f3 Rad8 22. Rxd8 Rxd8 23. g4 Nxg4 24. fxg4 Bxg4 25. Qf2 Qg5 26. Qg3 Qxc5+
27. Qf2 Qxc4 28. b3 Qb4 29. Rf1 Qd4 30. Qxd4 Nxd4 31. Kg2 Nf5 32. Rf4 Rd2+ 33.
Kg1 Nh4 34. Rxg4 Rg2+ 35. Rxg2 Nxg2 36. Kxg2 f5 37. h4 e5 38. Kf3 c5 39. a4 b6
40. Ke3 a6 41. Kd3 b5 42. a5 Kf7 43. Ke3 c4 44. b4 Ke6 45. Kf3 Kd5 46. Ke3 c3
47. Kd3 c2 48. Kxc2 Kc4 49. Kd2 Kxb4 50. Kd3 Kxa5 51. Kc3 f4 52. Kd3 b4 53. Ke4
b3 54. Kd3 f3 55. Ke3 b2 56. Kxf3 b1=Q 57. Ke3 Qe1+ 58. Kf3 e4+ 59. Kf4 e3 60.
Kg5 Qxh4+ 61. Kxh4 e2 62. Kg5 e1=Q 63. Kh6 Kb4 64. Kxh7 a5 65. Kxg6 Qf2 66. Kg5
a4 67. Kg4 a3 68. Kg5 a2 69. Kg6 a1=R 70. Kg5 Rg1+ 71. Kh5 Qh2# 0-1

[Event "DEM U10/U10w 2013"]
[Site "Oberhof GER"]
[Date "2013.05.23"]
[Round "8"]
[White "Baladjaev, Leyla"]
[Black "Bünte, Kirsten"]
[Result "1-0"]
[Termination "normal"]
[Board "21"]
[WhiteElo "1385"]
[BlackElo "1182"]
[PlyCount "73"]
[WhiteFideId "12960217"]
[BlackFideId "16200535"]
[EventCountry "GER"]
[EventRounds "11"]
[EventType "swiss"]
[EventDate "2013.05.18"]

1. e4 e5 2. Nf3 Nf6 3. Nc3 Nc6 4. Bb5 d6 5. d4 exd4 6. Nxd4 Bd7 7. Bxc6 Bxc6 8.
Nxc6 bxc6 9. O-O Be7 10. b3 O-O 11. Bb2 Rb8 12. Qe2 Rb6 13. Rad1 Qd7 14. Na4
Rb7 15. Nc5 Qc8 16. Nxb7 Qxb7 17. f4 Qb6+ 18. Bd4 c5 19. Bb2 c4+ 20. Bd4 c5 21.
Bb2 cxb3 22. cxb3 Qc6 23. Rfe1 Rb8 24. e5 dxe5 25. Bxe5 Rf8 26. Rd3 Nd5 27. Qf3
Qb6 28. Rxd5 c4+ 29. Bd4 Qb4 30. Rde5 Re8 31. Rxe7 Qxe1+ 32. Rxe1 Rxe1+ 33. Kf2
Re8 34. Qg3 g6 35. f5 Rf8 36. f6 Re8 37. Qh4 1-0

[Event "DEM U10/U10w 2013"]
[Site "Oberhof GER"]
[Date "2013.05.23"]
[Round "8"]
[White "Burian, Simon"]
[Black "Eulitz, Charlotte"]
[Result "1-0"]
[Termination "normal"]
[Board "22"]
[WhiteElo "1370"]
[BlackElo "1009"]
[PlyCount "37"]
[WhiteFideId "12956902"]
[BlackFideId "12964654"]
[EventCountry "GER"]
[EventRounds "11"]
[EventType "swiss"]
[EventDate "2013.05.18"]

1. e4 e5 2. Nf3 Nc6 3. Bc4 Bc5 4. c3 Nf6 5. d4 exd4 6. cxd4 Bb4+ 7. Nc3 Nxe4 8.
O-O Bxc3 9. d5 Ba5 10. dxc6 bxc6 11. Qa4 Bb6 12. Bxf7+ Kxf7 13. Qxe4 d5 14. Qd3
g6 15. Ne5+ Kg7 16. Qf3 Qf6 17. Bh6+ Kg8 18. Qxf6 Bd4 19. Qg7# 1-0

[Event "DEM U10/U10w 2013"]
[Site "Oberhof GER"]
[Date "2013.05.23"]
[Round "8"]
[White "Stirnberg, Noah"]
[Black "Astner, Sebastian"]
[Result "1-0"]
[Termination "normal"]
[Board "23"]
[WhiteElo "1338"]
[BlackElo "886"]
[PlyCount "70"]
[WhiteFideId "16207742"]
[BlackFideId "12979422"]
[EventCountry "GER"]
[EventRounds "11"]
[EventType "swiss"]
[EventDate "2013.05.18"]

1. d4 d6 2. c4 g6 3. Nc3 Bg7 4. e4 e6 5. f4 Ne7 6. Nf3 O-O 7. Be2 f5 8. e5 b6
9. Be3 Bb7 10. b4 d5 11. c5 Nd7 12. O-O Rb8 13. Ng5 Qc8 14. Nxe6 Rf7 15. Nxg7
Kxg7 16. e6 Rf8 17. exd7 Qxd7 18. Bd3 Qe6 19. Re1 Qf6 20. Qe2 Nc6 21. Nxd5 Qd8
22. Bc4 b5 23. Bb3 Re8 24. Qb2 Qh4 25. Nxc7 Rec8 26. d5+ Kf8 27. Ne6+ Ke7 28.
dxc6 Bxc6 29. Qg7+ Ke8 30. Qf8+ Kd7 31. Rad1+ Bd5 32. Rxd5+ Kc6 33. Qd6+ Kb7
34. Qd7+ Ka8 35. Red1 Rd8 1-0